Dwudziestolecie międzywojenne i IIWŚ - Statystyki

Ogólne statystyki
  • Ten quiz został rozwiązany 306 razy
    284 od ostatniego zresetowania
  • Średni wynik to 11 z 15
Statystyki odpowiedzi
Zagadnienie Odpowiedź % Poprawnych
Kto został pierwszym prezydentem II Rzeczypospolitej? Gabriel Narutowicz
96%
W którym roku odbył się przewrót majowy? 1926
88%
W którym roku Adolf Hitler przejął władzę w Niemczech? 1933
88%
Kto z nich nie należy do "Ojców niepodległości"? Bolesław Limanowski
83%
Czy Austriacy zgodzili się na złączenie z III Rzeszą. Prawda
83%
Jaki teren został zmilitaryzowany przez Niemcy w 1936? Nadrenia
79%
Komu Japonia wypowiedziała wojnę w 1937? Chiny
75%
Kto był zainicjował budowę COP? Eugeniusz Kwiatkowski
75%
Który z nich był nazywany "Lisem pustyni"? Erwin Rommel
67%
Czy Ignacy Jan Paderewski był premierem IIRP? Tak
67%
Kiedy skończyła się II Wojna Światowa na świecie? 2 września 1945
63%
Republikanie wygrali Hiszpańską Wojnę Domową. Fałsz
58%
Polscy kawalerzyści atakowali niemieckie czołgi przy użyciu szabli. Fałsz
58%
Niemcy szybko pokonali francuzów, bo ich żołnierze byli tchórzami. Fałsz
38%
Niemcy zaatakowali ZSRR, bo bali się ataku z ich strony. Fałsz
33%
Nie znaleziono quizów pasujących do podanych kryteriów
Rozkład punktacji
Procent ludzi z każdym wynikiem
Percentyl według liczby udzielonych odpowiedzi
Twoja historia wyników
Nie rozwiązałeś tego quizu od ostatniego zresetowania